000 00500nam a2200193Ia 4500
003 GCL
008 140319s9999 xx 000 0 eng d
040 _aGCL /
_cGCL
082 0 4 _aCH
_b372.4
_bT J
100 1 _aTIMMONS, CHRISTINE
245 1 0 _aTHE JUST FOR - FUN BOOK /
_cTIMMONS, CHRISTINE
700 1 _aFADIMAN, CLIFTON
260 _a[S.N] :
_bENCYCLOPEDIA BRITANNICA,INC. ،
_c1994
300 _a44 P
650 0 4 _aREADING
650 0 4 _aEDUCATION
650 0 4 _aCHILDHOOD
942 _2ddc
_cBK
999 _c13382
_d13382